=LDR 00000nam 2200000 4500 =001 INLIS000000000018211 =005 20130612113408 =008 ***********************************Ind** =035 ##$$0010-061300000018211 =041 ##$$a Ind =082 ##$$a 636.398 996 =090 ##$$a 636.398 996, Ris m =100 ##$$a Rismunandar =245 ##$$a Mengenal serangga parasit, domba dan kambing, Rismunandar, Buharti =260 ##$$a 1985 $b Bandung =300 ##$$a viii, 72 hlm, ilus, 21 cm =650 ##$$a Domba dan Kambing =850 ##$$a NBPNMAT